000 00316nam a2200109Ia 4500
005 20251222154423.0
008 251222s9999||||xx |||||||||||||| ||spa||
020 _a84-7232-748-5
082 _a338.9/A29
245 0 _aNuevas perspectivas en la polética de cooperación al desarrollo de la Unión Europea
942 _cLIB
999 _c36102
_d36102